| 000 | 00976nam a2200217 a 4500 | ||
|---|---|---|---|
| 001 | 000144346 | ||
| 003 | AM-YEHGA | ||
| 005 | 20250617122952.0 | ||
| 008 | 990920s1971 ru ||||gr|||||||||0|rus|d | ||
| 040 | _aAM-YeHGA | ||
| 041 | 0 | _arus | |
| 245 | 0 | 0 |
_aПалинологическая характеристика палеозойских, мезозойских и кайнозойских отложений Якутии / _cАН СССР, Якутский филиал, СО Ин-та геологии ; Ред. А.И. Томская и др. |
| 260 |
_aЯкутск : _bКн. изд-во, _c1971. |
||
| 300 | _a148 с. | ||
| 500 | _aК 3-й Международной палинологической конференции (СССР, Новосибирск, 1971) | ||
| 650 | 1 | 4 | _aПалинология |
| 700 | 1 |
_aТомская, А.И. _eред. _4edt |
|
| 710 | 2 | _aИнститут геологии ЯФ СО АН СССР | |
| 942 |
_2udc _cBK |
||
| 090 | _c49455 | ||
| 999 |
_c48694 _d48694 |
||